Biblioteca

La monarquía como institución generadora de violencia (Registro nro. 63719)

Detalles MARC
000 -LÍDER
Campo fijo de descripción fija 02297cmmaa2200433 i 4500
001 - NÚMERO DE CONTROL
Campo de control 768714001
003 - IDENTIFICADOR DEL NÚMERO DE CONTROL
Campo de control CO-MdFUSB
005 - FECHA Y HORA DE LA ULTIMA TRANSACCIÓN
control field 20250731105552.0
006 - ELEMENTOS DE LONGITUD FIJA - CARACTERÍSTICAS DE MATERIALES ADICIONALES - INFORMACIÓN GENERAL
Campo fijo de descripción fija -- Información general a|||||o|||| 00| 0
007 - CAMPO FIJO DE DESCRIPCIÓN FIJA--INFORMACIÓN GENERAL
Campo fijo de descripción fija ca b||ancaacaa
008 - ELEMENTOS DE LONGITUD FIJA -- INFORMACIÓN GENERAL
Campo fijo de descripción fija -- Información general 160603t2015 ck ||||fsm||| 00| 0 spa d
040 ## - FUENTE DE CATALOGACIÓN
Agencia de catalogación original CO-MdFUSB
Idioma de catalogación Español
Agencia que realiza la transcripción CO-MdFUSB
Agencia que realiza la modificación CO-MdFUSB
041 ## - CÓDIGO DE IDIOMA
Código de idioma para texto/pista de sonido o título separado spa
043 ## - CÓDIGO DE ÁREA GEOGRÁFICA
Código de área geográfica ck
084 ## - OTRO NUMERO DE CLASIFICACIÓN
Número de clasificación T CD0058
100 ## - ASIENTO PRINCIPAL--NOMBRE PERSONAL
Nombre personal Hernández Nassif, Lina
Término relacionador autor
245 #3 - TÍTULO
Título del Material La monarquía como institución generadora de violencia
Parte restante del título - Subtitulo : un estudio de 1 Samuel 8
Mención de responsabilidad, etc. / Lina Hernández Nassif , Christian Zárate Granados ; asesorado por Milton Acosta
Medio físico [electrónico]
264 #0 - PRODUCTION, PUBLICATION, DISTRIBUTION, MANUFACTURE, AND COPYRIGHT NOTICE
Lugar de procducción, publication, distribution, manufacture Medellín, Colombia :
Nombre del productor, publicador, distribuidor y manofactura FUSBC,
Fecha de producción, distribución, manufactura, o nota de copyright [2015]
300 ## - DESCRIPCIÓN FÍSICA
Extensión 58 páginas
Tipo de unidad pdf
336 ## - TIPO DE CONTENIDO
Tipo de contenido texto
Fuente rdacontent
Content type code txt
337 ## - TIPO DE MEDIO
Fuente rdamedia
Tipo de medio informático
Código c
338 ## - TIPO DE SOPORTE
Fuente rdacarrier
rdacarrier volumen
Código cr
502 ## - NOTA DE TESIS
Nota de Tesis Trabajo de grado -
Tipo de estudio Teología
Nombre de la Institución del grado (Fundación Universitaria Seminario Bíblico de Colombia),
Año de graduación 2015
504 ## - NOTA DE BIBLIOGRAFÍA, ETC.
Nota de bibliografía, etc Biografía: (páginas 55-58)
505 ## - NOTA DE CONTENIDO
Nota de contenido con formato preestablecido - Aspectos históricos y literarios de 1 Samuel 8 - De la Teocracia a la Monarquía - La monarquía como sistema de gobierno opresor - Teología del relato de 1 Samuel 8 - El Mesías como alternativa de un reinado justo - Aplicación del relato para Colombia.
506 ## - NOTA DE RESTRICCIONES DE ACCESO
Condiciones de acceso Préstamo interno
Jurisdiction Sala de lectura
Usuarios Autorizados Acceso desde el repositorio institucional
520 ## - NOTA DE RESUMEN, ETC.
Nota de sumario, etc. Esta investigación procura observar cómo la monarquía de Israel ha sido un agente promotor de injusticia y violencia, a la luz de 1 Samuel 8, texto en el que se relata el inicio de este sistema de gobierno en ese pueblo. De igual manera se observa cómo es que el pueblo colombiano no es ajeno a esa realidad y de cómo los líderes gobernantes, con la etiqueta de justicia, traen más injusticia a la nación.
Fuente proveedora de los datos Trabajo en formato CD
535 ## - LOCALIZACIÓN DE ORIGINALES / DUPLICADOS Y NOTAS
Custodian Recurso en REPCI
630 #7 - ASIENTO SECUNDARIO DE MATERIA - TITULO UNIFORME
Título uniforme Biblia.
Nombre de parte o sección de la obra Nuevo Testamento
Subdivisión general Crítica, interpretación, etc.
630 #7 - ASIENTO SECUNDARIO DE MATERIA - TITULO UNIFORME
Título uniforme Biblia.
Nombre de parte o sección de la obra Nuevo Testamento
Subdivisión general Teología
630 07 - ASIENTO SECUNDARIO DE MATERIA - TITULO UNIFORME
Título uniforme Biblia.
Nombre de parte o sección de la obra Samuel, 1ª
650 #7 - ASIENTO SECUNDARIO DE MATERIA - TERMINO TEMÁTICO
9 (RLIN) 405
Término temático o nombre geográfico como elemento de entrada Sociología cristiana
650 #7 - ASIENTO SECUNDARIO DE MATERIA - TERMINO TEMÁTICO
9 (RLIN) 280
Término temático o nombre geográfico como elemento de entrada Dios
Subdivisión general Justicia
653 ## - TERMINO DE INDIZACION - NO CONTROLADO
Término de indización no controlado 1ª de Samuel 8
700 ## - ASIENTO SECUNDARIO - NOMBRE PERSONAL
9 (RLIN) 92
Nombre personal Zárate Granados, Christian
Responsabilidad autor
700 ## - ASIENTO SECUNDARIO - NOMBRE PERSONAL
9 (RLIN) 93
Nombre personal Acosta, Milton
Responsabilidad asesor
856 ## - LOCALIZACIÓN Y ACCESO ELECTRÓNICOS
Nombre del sitio REPCI
Identificador Uniforme del Recurso https://repositorio.repci.co/handle/123456789/155
942 ## - TIPO DE MATERIAL (KOHA)
Tipo de Item KOHA Trabajos de Grado
Existencias
Estado de Retirado Estado de Perdido Forma de Clasificación Estado de Dañado No para Préstamo Colección Biblioteca FUSBC Biblioteca de Origen Biblioteca Permanente Ubicación en Estantería Fecha de Adquisición Total de Préstamos Signatura Topográfica Código de Barras Última vez visto Ejemplar/Existencia Url Fecha de Remplazo Tipo de Material Nota Pública
    Dewey Decimal Classification     Trabajos de grado BIBLIA Biblioteca FUSBC Biblioteca FUSBC Libro electrónico 03/06/2015   T CD0058 22673 12/12/2019 Ej. 1 https://repositorio.repci.co/handle/123456789/155 03/06/2016 Trabajos de Grado RECURSO EN REPCI- Seguir el link de acceso

Biblioteca FUSBC | Teléfono: (57+4) 349 88 10 Ext. 141| WhatsApp (+57) 3005338115 
E-mail: biblioteca@unisbc.edu.co | Calle 76 87-14 Robledo Palenque, Medellín, Colombia

Con tecnología Koha